La pneumatología litúrgica: en la obra de Don Achille María Triacca
Guardat en:
| Autor principal: | |
|---|---|
| Format: | Llibre |
| Idioma: | espanyol |
| Publicat: |
Barcelona
Centre de Pastoral Litúrgica
2012
|
| Edició: | 1a. ed |
| Col·lecció: | Biblioteca Litúrgica, 43
|
| Matèries: | |
| Etiquetes: |
Afegir etiqueta
Sense etiquetes, Sigues el primer a etiquetar aquest registre!
|
MARC
| LEADER | 00000cam a2200000 a 4500 | ||
|---|---|---|---|
| 001 | UCE8840 | ||
| 003 | CL-VaPUC | ||
| 008 | 150904e20120000sp |||||||||||||||||spa|d | ||
| 020 | |a 9788498055900 | ||
| 082 | 0 | 4 | |a 281 |b LUC |2 21 |
| 100 | |a Lucas Maqueda, Adolfo |e autor |9 581588 | ||
| 245 | 1 | 3 | |a La pneumatología litúrgica: en la obra de Don Achille María Triacca |
| 250 | |a 1a. ed | ||
| 300 | |a 321 p | ||
| 942 | |c BK | ||
| 945 | |d 20150904 11:50:00 |a gsalatino | ||
| 260 | |a Barcelona |b Centre de Pastoral Litúrgica |c 2012 | ||
| 650 | 7 | |a PNEUMATOLOGIA |2 CL-VaPUC |9 431532 | |
| 650 | 0 | |a Cristología |9 315091 | |
| 650 | 0 | |a Exégesis |9 365279 | |
| 583 | |a last modification |c 20150904 11:50:00 |k Rodrigo Vera | ||
| 490 | 0 | |a Biblioteca Litúrgica, 43 | |
| 999 | |c 360609 |d 360607 | ||
| 952 | |0 0 |1 0 |3 erb |4 0 |6 281_000000000000000_LUC_2012 |7 0 |8 A |9 470485 |a BIBTEO |b BIBTEO |i 519637K |o 281 LUC 2012 |p 519637K |r 2024-01-18 |w 2019-11-23 |y BK |z Catalogado en:20150904 |k ICR | ||